|
|
|
|
| LEADER |
01086nam a22002411 4500 |
| 001 |
4528289 |
| 003 |
GR-PaULI |
| 005 |
20220105100649.0 |
| 008 |
900507r19651947nju 000 0 eng |
| 040 |
|
|
|a DLC/ICU
|c ICU
|b gre
|e AACR2
|
| 082 |
0 |
0 |
|a 515.93
|2 23
|
| 100 |
1 |
|
|a Morse, Marston
|d 1892-1977
|9 85224
|e συγγραφέας.
|
| 245 |
1 |
0 |
|a Topological methods in the theory of functions of a complex variable /
|c by Marston Morse.
|
| 260 |
|
|
|a New York :
|b Kraus Reprint Corporation,
|c 1947 [reprint 1965].
|
| 300 |
|
|
|a 145 σ. ;
|c 23 εκ.
|
| 490 |
1 |
|
|a Annals of mathematics studies
|v 15.
|
| 504 |
|
|
|6 Περιλαμβάνει βιβλιογραφικές παραπομπές.
|
| 650 |
|
4 |
|a Συναρτήσεις μιγαδικών μεταβλητών
|9 168399
|
| 830 |
|
|
|a Annals of mathematics studies
|v 15.
|9 162763
|
| 942 |
|
|
|2 ddc
|c BKN
|
| 952 |
|
|
|0 0
|1 0
|2 ddc
|4 0
|6 Π_Σ_515_930000000000000_MOR
|7 0
|9 222651
|a LISP
|b LISP
|c REF
|d 2018-06-01
|i 125047
|l 0
|o Π/Σ 515.93 MOR
|p 025000041423
|r 2018-06-01 00:00:00
|t 1
|v 2018.00
|w 2018-06-01
|y BKN
|
| 998 |
|
|
|c ΜΠΟΥΡΑΣ
|d 2018-06
|
| 999 |
|
|
|c 134554
|d 134554
|